000 00646nam a2200205Ii 4500
003 JO-AjNU
008 230605s9999||||xx |||||||||||||| ||und||
017 _a2014/10/5004
040 _aJO-AjNU
_bara
_erda
_cJO-AjNU
041 _aara
050 1 4 _aRA425 2014
100 3 _aاعداد الدفاع الدني ,
_eauthor
_956822
245 0 0 _aموسوعة الاسرة الوقائية
264 3 1 _aعمان:مديرية الدفاع المدني ،2014
300 _a76ص
336 _atext
_btxt
_2rdacontent
337 _aunmediated
_bn
_2rdamedia
338 _avolume
_bnc
_2rdacarrier
650 4 _aالاسرة الوقائية
_956823
999 _aA25427
_c28995
_d28995